000 00892nam a2200181Ia 4500
008 100921s9999 xx 000 0 und d
082 _b42551
_a891.463 न 08
100 _aगार्डनर अर्ल स्टॅनले,अनु, आफळे ज्योती.
245 _aफाशंाचा फास.(द केस ऑफ रोलिंग बोन्स).
260 _bज्ञानदत्त प्रकाशन,पुणे.
_c2008
300 _a200
_bकलाभारती वितरण,पुणे
365 _b190
520 _aललित-कादंबरी.
630 _aफाशंाचा फास.(द केस ऑफ रोलिंग बोन्स).
650 _aललित-कादंबरी.
730 _aफाशंाचा फास.(द केस ऑफ रोलिंग बोन्स).
942 _cBOOK
999 _c791664
_d791661